Ton Ton Witze - Statistiken

Allgemein
  • Dieses Quiz wurde 26 mal gespielt
  • Das Durchschnittsergebnis liegt bei 5 aus 9
Antwortstatistiken
Bildquiz Antwort % Korrekt
Froschton
100%
Haiton
83%
Katzenton
79%
Bananenton
67%
Orangeton
46%
Oliventon
42%
Basilikumton
29%
Heidelbeerenton
25%
Corgiton
21%
Keine übereinstimmenden Quizze gefunden
Verteilung der Resultate
Anzahl Personen mit jedem Resultat
Perzentil nach korrekt beantworteten Fragen
Ihre Resultats-Entwicklung
Sie haben dieses Quiz noch nicht gespielt